| 000 | 01270cam a22003617a 4500 | ||
|---|---|---|---|
| 001 | 8564713 | ||
| 003 | OSt | ||
| 005 | 20211027155556.0 | ||
| 006 | m d | ||
| 007 | cr n | ||
| 008 | 100927s2011 nyua sb 001 0 eng d | ||
| 020 | _a9781441976796 (alk. paper) | ||
| 035 | _a(WaSeSS)ssj0000449198 | ||
| 038 | _akhadija | ||
| 040 |
_aBTCTA _beng _cBTCTA _dYDXCP _dCDX _dJHE _dDLC _dWaSeSS |
||
| 042 | _alccopycat | ||
| 050 | 4 |
_aTK7871.99.M44 _bY828 2011 |
|
| 050 | 4 | _aTK7871.99.M44 | |
| 082 |
_a621.395 _bYUA |
||
| 100 | 1 |
_aYuan, Fei, _d1964- _983486 |
|
| 210 | 1 | 0 | _aCMOS circuits for passive wireless microsystems |
| 245 | 1 | 0 |
_aCMOS circuits for passive wireless microsystems / _cFei Yuan. |
| 260 |
_aNew York : _bSpringer, _cc2011. |
||
| 504 | _aIncludes bibliographical references and index. | ||
| 506 | _aLicense restrictions may limit access. | ||
| 563 | _aHardcover | ||
| 650 | 0 |
_aMetal oxide semiconductors, Complementary. _915118 |
|
| 650 | 0 |
_aPassive components. _983487 |
|
| 773 | 0 | _tSpringerLink ebooks - Engineering (2011) | |
| 856 | 4 | 0 |
_uhttp://www.columbia.edu/cgi-bin/cul/resolve?clio8564713 _zFull text available from SpringerLink ebooks - Engineering (2011) |
| 910 | _aLibrary of Congress record | ||
| 942 |
_2ddc _cBK |
||
| 999 |
_c33120 _d33120 |
||